| 000 | 00971nad a22003133cc4500 | ||
|---|---|---|---|
| 001 | a987667918+9 | ||
| 003 | DE-604 | ||
| 005 | 20220412130136.0 | ||
| 007 | t | ||
| 008 | 210628s2021 gw a||| |||| 00||| ger d | ||
| 020 |
_a9783835338814 _9978-3-8353-3881-4 |
||
| 035 | _a(OCoLC)1226403490 | ||
| 035 | _a(DE-599)DNB1232585254 | ||
| 040 |
_aDE-604 _bger _cRU-10907106 |
||
| 041 | 0 | _ager | |
| 044 |
_agw _cXA-DE-NI |
||
| 084 | _qDE-12 | ||
| 100 | 1 |
_aPringsheim-Dohm, Hedwig _d1855-1942 _eVerfasser _0(DE-588)118814117 _4aut _92270 |
|
| 245 | 1 | 0 |
_aTagebücher _nBand 9 _p1935-1941 |
| 264 | 1 |
_aGöttingen _bWallstein Verlag _c[2021] |
|
| 300 |
_a861 Seiten : _bIllustrationen |
||
| 336 |
_aText _btxt _2rdacontent |
||
| 337 |
_aohne Hilfsmittel zu benutzen _bn _2rdamedia |
||
| 338 |
_aBand _bnc _2rdacarrier |
||
| 773 | 0 | 8 |
_wa987667918 _qBand9 |
| 942 | 1 | 1 |
_cMG _2z |
| 999 |
_c59062 _d59062 |
||